00321nam a2200145Ia 4500008004100000020001500041041000800056082001800064100002200082245001300104250000600117260003100123300001300154650000800167210716s2002 xx 000 0 und d a8176355887 aeng a005.2764 WALS aWalther, Stephen. aASP.NET. a1 aNew DelhibTechmediac2002 axix,1441 aASP